Random North Lancashire General Knowledge - Statistics

General Stats
  • This quiz has been taken 40 times
  • The average score is 5 of 10
Answer Stats
Hint Answer % Correct
Which place was granted cityship in 2002? Preston
97%
Where is the longest castle serving as a prison in the UK? Lancaster
90%
Which place in Lancashire is famous for Black Pudding? Bury
67%
Which famous boxer lives in Morecambe? Tyson Fury
60%
Where was the lead singer of The Cure born? Blackpool
50%
What town is Everday is like Sunday based on (By Morrissey)? Morecambe
47%
Sir Lindsay Hoyle is the MP for which constituency? Chorley
43%
Where was the first Fairtrade town in the world? Garstang
30%
Which saint is said to have landed at Heysham? Saint Patrick
30%
Who is the most capped Preston North End player? Alan Kelly Sr
3%
No matching quizzes found
Score Distribution
Percent of People with Each Score
Percentile by Number Answered
Your Score History
You have not taken this quiz